Taylor Swift - It's Nice To Have A Friend Lyrics - Statistics

General Stats
  • This quiz has been taken 130 times
  • The average score is 112 of 145
Answer Stats
Answer % Correct
a
100%
friend
100%
have
100%
Have
100%
It's
100%
nice
100%
to
100%
To
100%
me
92%
home
86%
in
86%
the
86%
The
86%
you
86%
my
85%
on
83%
School
83%
bell
81%
no
81%
ring
81%
rings
81%
we
81%
walk
80%
like
76%
one
76%
too
75%
Yeah
73%
yeah
73%
hand
71%
out?"
69%
out
69%
give
68%
back
66%
snow
66%
"Wanna
66%
touch
64%
You've
64%
been
63%
covered
63%
Feels
63%
fun
63%
hang
63%
Lost
63%
nerve
63%
roof
63%
up
63%
gave
61%
gloves
61%
Something
61%
sounds
61%
bells
59%
lately?
58%
note
58%
questions
58%
Twenty
58%
bed
56%
Church
56%
pass
56%
Sidewalk
56%
Sleeping
56%
stressed
56%
tell
56%
truth
56%
chalk
54%
games
54%
tents
54%
Video
54%
weekend
54%
whole
54%
everyday
53%
stay
53%
babe
51%
carry
51%
looks
51%
down
49%
Call
47%
call
47%
curfew
47%
bluff
46%
ground
46%
Rice
46%
Sun
46%
sinks
41%
pink
36%
sky
36%
Light
31%
No matching quizzes found
Score Distribution
Percent of People with Each Score
Percentile by Number Answered
Your Score History
You have not taken this quiz